| 000 | 007060000a22001930004500 | ||
|---|---|---|---|
| 090 |
_aAR _b04049 |
||
| 245 | 1 | 0 | _aAlcanzado el objetivo de la distribución de los beneficios del convenio sobre la diversidad biológica |
| 300 | _a8 p. | ||
| 500 | _a<Colección Recursos Genéticos> | ||
| 650 | 1 | 4 |
_aEquidad _93813 |
| 650 | 1 | 4 |
_aEconomía ambiental _992824 |
| 650 | 1 | 4 |
_aRecursos genéticos _992757 |
| 650 | 1 | 4 |
_aConocimiento tradicional _992244 |
| 041 | 0 | _aEspañol | |
| 110 | 1 |
_aUnion Mundial para la Naturaleza _sUICN _997893 |
|
| 260 |
_aBonn _bUICN _c2001 |
||
| 942 | _cARTICULO | ||
| 773 | 1 | _tGrupo de trabajo sobre acceso y distribución de los beneficios (Bonn, Alemania, 22 al 26 de octubre de 2001) | |
| 999 |
_c13082 _d13082 |
||